| 000 | 00673nam a2200253Ia 4500 | ||
|---|---|---|---|
| 001 | 11956 | ||
| 003 | GE_BSU | ||
| 008 | 181216s||||||||xx |||||||||||||| ||und|| | ||
| 020 | _a9781285053134 | ||
| 040 | _cGE_BSU | ||
| 080 | _a616.07 | ||
| 100 | _aDaniels, Rick | ||
| 245 | _aGuide to Laboratory and Diagnostic Tests: Organized Alphabetically | ||
| 250 | _a3rd Revised edition | ||
| 260 | _aUnited States | ||
| 260 | _bCengage Learning | ||
| 260 | _c2014 | ||
| 300 | _a1024p.22cm | ||
| 541 | _h153Gel. | ||
| 653 | _aGross Pathology | ||
| 653 | _aGuide to Laboratory and Diagnostic Tests: Organized Alphabetically | ||
| 653 | _aMedical Diagnosis | ||
| 942 | _cBK | ||
| 999 |
_c45133 _d45133 |
||